Técnicas de autocontrol emocional / (Record no. 52585)

MARC details
000 -LEADER
campo de control de longitud fija 01053nam a2200301 i 4500
001 - NÚMERO DE CONTROL
campo de control 52585
003 - IDENTIFICADOR DE NÚMERO DE CONTROL
campo de control ES-MaACL
005 - FECHA Y HORA DE LA ÚLTIMA TRANSACCIÓN
campo de control 20250822030025.0
007 - CAMPO FIJO DE DESCRIPCIÓN FÍSICA--INFORMACIÓN GENERAL
campo de control de longitud fija t|
008 - DATOS DE LONGITUD FIJA--INFORMACIÓN GENERAL
campo de control de longitud fija 030901s1985 sp ||||1| spa d
020 ## - NÚMERO INTERNACIONAL ESTÁNDAR DEL LIBRO
Número Internacional Estándar del Libro 84-270-0951-8
080 ## - NÚMERO DE LA CLASIFICACIÓN DECIMAL UNIVERSAL
Número de la Clasificación Decimal Universal 613.73
080 ## - NÚMERO DE LA CLASIFICACIÓN DECIMAL UNIVERSAL
Número de la Clasificación Decimal Universal 615.851.1
100 1# - ENTRADA PRINCIPAL--NOMBRE DE PERSONA
Nombre de persona Davis, Martha.
9 (RLIN) 42980
245 10 - MENCIÓN DEL TÍTULO
Título Técnicas de autocontrol emocional /
Mención de responsabilidad, etc. Martha Davis, Elizabeth Robbins Eshelman, Matthew McKay ; traducción de María Zaplana ; revisión de Ramón Bayés.
260 ## - PUBLICACIÓN, DISTRIBUCIÓN, ETC.
Lugar de publicación, distribución, etc. Barcelona :
Nombre del editor, distribuidor, etc. Martínez Roca,
Fecha de publicación, distribución, etc. [1985]
300 ## - DESCRIPCIÓN FÍSICA
Extensión 219 p. :
Otras características físicas il. ;
Dimensiones 28 cm.
490 1# - MENCIÓN DE SERIE
Mención de serie Biblioteca de psicología, psiquiatría y salud
650 #7 - PUNTO DE ACCESO ADICIONAL DE MATERIA--TÉRMINO DE MATERIA
Término de materia o nombre geográfico como elemento de entrada Estrés (Psicología)
Fuente del encabezamiento o término embne
9 (RLIN) 167275
650 #4 - PUNTO DE ACCESO ADICIONAL DE MATERIA--TÉRMINO DE MATERIA
Término de materia o nombre geográfico como elemento de entrada Relajación.
9 (RLIN) 149364
700 1# - ENTRADA AGREGADA--NOMBRE PERSONAL
Nombre de persona Eshelman, Elisabeth Robbins.
9 (RLIN) 47723
700 1# - ENTRADA AGREGADA--NOMBRE PERSONAL
Nombre de persona McKay, Matthew.
9 (RLIN) 79586
700 1# - ENTRADA AGREGADA--NOMBRE PERSONAL
Nombre de persona Zaplana, María.
9 (RLIN) 118020
700 1# - ENTRADA AGREGADA--NOMBRE PERSONAL
Nombre de persona Bayés, Ramón.
9 (RLIN) 26661
830 10 - PUNTO DE ACCESO ADICIONAL DE SERIE-TÍTULO UNIFORME
Título uniforme Biblioteca de psicología, psiquiatría y salud
9 (RLIN) 230209
852 4# - LOCALIZACIÓN
Ubicación ES-MaACL
Número de control de estantería L-10137
Holdings
Estatus retirado Estado de pérdida Estado de daño No para préstamo Biblioteca de origen Biblioteca actual Ubicación en estantería Fecha de adquisición Fuente de adquisición Total de préstamos Signatura topográfica completa Código de barras Visto por última vez Precio de reemplazo Tipo de ítem Koha
        Biblioteca del Ateneo de Madrid Biblioteca del Ateneo de Madrid Depósito 2 17/01/2008     L-10137 1055268 23/02/2023 23/02/2023 Libro impreso